Normal view MARC view

Entry Meeting Name

Number of records used in: 1

001 - CONTROL NUMBER

  • control field: 29688

003 - CONTROL NUMBER IDENTIFIER

  • control field: OSt

005 - DATE AND TIME OF LATEST TRANSACTION

  • control field: 20211105135304.0

008 - FIXED-LENGTH DATA ELEMENTS

  • fixed length control field: 211105|| aca||aabn | a|a d

040 ## - CATALOGING SOURCE

  • Original cataloging agency: OSt
  • Transcribing agency: OSt

111 ## - HEADING--MEETING NAME

  • Meeting name or jurisdiction name as entry element: Committee on Space Research Scientific Assembly
  • Number of part/section/meeting: 35th
  • Location of meeting: Paris
  • Date of meeting or treaty signing: 2004 July 18-24

670 ## - SOURCE DATA FOUND

  • Source citation: Work cat.: (OSt): Committee on Space Research Scientific Assembly 35th Paris 2004 July 18-24, Influence of sun's radiation and particles on the earth's atmosphere and climate, 2005

Powered by Koha